| 000 | 00492nam a2200169Ia 4500 | ||
|---|---|---|---|
| 008 | 180207s9999 xx 000 0 und d | ||
| 020 | _a689853440 | ||
| 050 | _bG886 1999 | ||
| 100 | _aGruelle, Johnny. | ||
| 245 | _aMy first Raggedy Ann : Raggedy Ann and Andy and the nice police officer / | ||
| 245 | _cJohnny Gruelle ; illustrated by Jan Palmer. | ||
| 260 | _aNew York : | ||
| 260 | _bAladdin Paperbacks, | ||
| 260 | _c1999 | ||
| 300 | _aunpaged : | ||
| 300 | _bcolor illustration ; | ||
| 999 |
_c355016 _d355016 |
||